British rolled steel plates and sections : 'heavy' sizes for export, dimensions, properties, etc.

Guardat en:
Dades bibliogràfiques
Autor corporatiu: British Iron and Steel Corporation, Ltd. Export Department
Format: Llibre
Idioma:English
Publicat: London : British Iron and Steel Corp., 1954.
Matèries:
LEADER 01009cam a2200241 a 4500
001 c000381590
003 CARM
005 20110905152645.0
008 110905s1954 enka 000 0 eng d
019 1 |a 4026905  |5 LACONCORD2021 
035 |a (OCoLC)225948171  |5 LACONCORD2021 
040 |a NUN  |b eng  |c NUN  |d ABN:1 
082 0 4 |a 672.083 
110 2 |a British Iron and Steel Corporation, Ltd.  |b Export Department. 
245 1 0 |a British rolled steel plates and sections :  |b 'heavy' sizes for export, dimensions, properties, etc. 
260 |a London :  |b British Iron and Steel Corp.,  |c 1954. 
300 |a 1v. (various pagings) :  |b ill., tables ;  |c 25 cm. 
650 0 |a Plates, Iron and steel  |v Tables. 
852 8 |b CARM  |p 0576658  |f BK 
852 8 |b SCAN  |h A3:AG07D0  |i F08000  |p 0576658  |f BK 
999 f f |i 2bfc9d7c-5b01-5808-8fa1-1dc1ee162789  |s 8429df6b-dcf4-5b1e-acd6-f01e26d9af90 
952 f f |p Can circulate  |a CAVAL  |b CAVAL  |c CAVAL  |d CARM 1 Store  |i book  |m 0576658 
952 f f |a CAVAL  |b CAVAL  |c CAVAL  |d Unmapped Location  |e F08000  |f A3:AG07D0  |h Other scheme